Countries That Start And End with the Same Letter - Statistics

General Stats
  • This quiz has been taken 50 times
  • The average score is 11 of 15
Answer Stats
Hint Answer % Correct
Europe Albania
92%
Africa Angola
92%
Europe Austria
92%
Oceania Australia
90%
Africa Algeria
85%
Europe Andorra
82%
South America Argentina
82%
Asia Armenia
77%
North America Saint Kitts and Nevis
72%
North America Antigua and Barbuda
67%
North America Saint Vincent and the Grenadines
64%
Oceania Solomon Islands
64%
Africa Seychelles
56%
Europe Czech Republic
38%
Africa Central African Republic
36%
No matching quizzes found
Score Distribution
Percent of People with Each Score
Percentile by Number Answered
Your Score History
You have not taken this quiz